000 00498nam a2200193 4500
001 131064
003 ES-MaACL
007 t|
008 070214s1954 sp r ||||1| spa d
100 1 _aRoberts, Cecil.
_997826
245 1 0 _aSolos contra el mundo /
_cCecil Roberts.
250 _a1ยช ed.
260 _aBarcelona :
_bLuis de Caralt,
_c1954.
300 _a291 p. ;
_c21 cm.
490 1 _aGigante
830 0 _aGigante
_9181050
852 _aES-MaACL
_jC-8271
_bR.36387
999 _c131064
_d131064